|
003 -Nazwa inst., której nr kontr. jest w polu 001 [,]
|
-
- @
- Nazwa instytucji, której n kontrolny jest w polu 001
- NUKAT
|
|
005 -DATA I CZAS OSTATNIEJ MODYFIKACJI [,]
|
-
- @
- pole kontrolne
- 20241231115727.0
|
|
020 -Międzynarod. znormalizowany nr książki - ISBN [ , ]
|
-
- a
- Numer ISBN
- 9788366448902
-
- q
- Dopowiedzenie
- oprawa twarda
|
|
040 -Instytucja sporządzająca opis [ , ]
|
-
- a
- Instytucja, która sporządziła opis (NP)
- Ł U/bb
-
- b
- Język katalogowania
- pol
-
- e
- Zasady katalogowania
- rda
-
- c
- Instytucja, która sporządziła rekord (NP)
- Ł U/bb
-
- d
- Instytucja, która zmodyfikowała rekord (P)
- Ł U/nikas
|
|
041 -Język dokumentu [1, ]
|
-
- a
- Język tekstu (P)
- polski
-
- h
- Język tekstu oryginalnego i/lub pośredniego (P)
- grecki, starożytny (do 1453)
|
|
942 -Rodzaj dokumentu [ , ]
|
-
- c
- Rodzaj dokumentu
- Książka
|
|
245 -Strefa tytułu i oznaczenia odpowiedzialności [1,0]
|
-
- a
- Tytuł
- Poematy :
-
- b
- Ciąg dalszy tytułu (NP)
- Zuzanna, Szachy, Muza, Monomachia Parysowa wraz z wersją rękopiśmienną Monomachii, Dziewosłąb, Epitalamium (z Katullusa), Broda, Marszałek /
-
- c
- Pozostałe elementy strefy tytułu i oznaczenia odpowiedzialności (NP)
- Jan Kochanowski ; opracowali Maria Karpluk, Bartosz Awianowicz, Jerzy Mańkowski, Marek A. Janicki ; przy udziale Marii Renaty Mayenowej, Wiktora Weintrauba, Jerzego Ziomka oraz Ewy Cybulskiej-Bohuszewicz, Joannny Duskiej, Mariusza Frodymy ; Polska Akademia Nauk. Instytut Badań Literackich.
|
|
260 -Strefa adresu wydawniczego [ , ]
|
-
- a
- Miejsce wydania (P)
- Warszawa :
-
- b
- Nazwa wydawcy (P)
- Wydawnictwo Instytutu Badań Literackich,
-
|
|
300 -Strefa opisu fizycznego [ , ]
|
-
- a
- Określenie formy książki i/lub objętość (NP)
- 646, [2] strony :
-
- b
- Oznaczenie ilustracji (NP)
- ilustracje ;
-
|
|
336 -Typ zawartości [ , ]
|
-
- a
- Termin opisujący typ zawartości
- Tekst
-
- b
- Kod określający zawartość
- txt
-
- 2
- Źródło (terminu i kodu)
- rdacontent
|
|
337 -Typ mediów [ , ]
|
-
- a
- Tryb odtwarzania
- Bez urządzenia pośredniczącego
-
-
- 2
- Źródło (terminu i kodu)
- rdamedia
|
|
338 -Typ/rodzaj nośnika [ , ]
|
-
- a
- Hasło opisujące typ nośnika
- Wolumin
-
-
- 2
- Źródło (terminu i kodu)
- rdacarrier
|
|
380 -Deskryptor - Forma dzieła (P) [ , ]
|
-
- a
- forma dzieła (NP)
- Książki
|
|
380 -Deskryptor - Forma dzieła (P) [ , ]
|
-
- a
- forma dzieła (NP)
- Poezja
|
|
380 -Deskryptor - Forma dzieła (P) [ , ]
|
-
- a
- forma dzieła (NP)
- Publikacje naukowe
|
|
386 -Deskryptor - przynależność kulturowa (P) [ , ]
|
-
- m
- Wyrażenie wprowadzające (NP)
- Przynależność kulturowa
-
- a
- Przynależność kulturowa (NP)
- Literatura polska
|
|
388 -Deskryptor - czas powstania dzieła (P) [1, ]
|
-
- a
- Czas powstania dzieła (NP)
- 1501-1600
|
|
388 -Deskryptor - czas powstania dzieła (P) [2, ]
|
-
- a
- Czas powstania dzieła (NP)
- 2001-
|
|
700 -Hasło dodatkowe - nazwa osobowa [1, ]
|
-
- a
- Nazwa osobowa (NP)
- Karpluk, Maria
-
- d
- Daty biograficzne (NP)
- (1925-2016).
-
- e
- Określenie rodzaju współpracy
- Opracowanie
-
|
|
700 -Hasło dodatkowe - nazwa osobowa [1, ]
|
-
- a
- Nazwa osobowa (NP)
- Awianowicz, Bartosz
-
- d
- Daty biograficzne (NP)
- (1978- ).
-
- e
- Określenie rodzaju współpracy
- Opracowanie
-
|
|
700 -Hasło dodatkowe - nazwa osobowa [1, ]
|
-
- a
- Nazwa osobowa (NP)
- Mańkowski, Jerzy
-
- c
- Dopowiedzenie inne niż daty biograficzne (NP)
- (filolog).
-
- e
- Określenie rodzaju współpracy
- Opracowanie
-
|
|
700 -Hasło dodatkowe - nazwa osobowa [1, ]
|
-
- a
- Nazwa osobowa (NP)
- Janicki, Marek Andrzej
-
- d
- Daty biograficzne (NP)
- (1971- ).
-
- e
- Określenie rodzaju współpracy
- Opracowanie
-
|
|
700 -Hasło dodatkowe - nazwa osobowa [1, ]
|
-
- a
- Nazwa osobowa (NP)
- Mayenowa, Maria Renata
-
- d
- Daty biograficzne (NP)
- (1908-1988).
-
- e
- Określenie rodzaju współpracy
- Opracowanie
-
|
|
700 -Hasło dodatkowe - nazwa osobowa [1, ]
|
-
- a
- Nazwa osobowa (NP)
- Weintraub, Wiktor
-
- d
- Daty biograficzne (NP)
- (1908-1988).
-
- e
- Określenie rodzaju współpracy
- Opracowanie
-
|
|
700 -Hasło dodatkowe - nazwa osobowa [1, ]
|
-
- a
- Nazwa osobowa (NP)
- Ziomek, Jerzy
-
- d
- Daty biograficzne (NP)
- (1924-1990).
-
- e
- Określenie rodzaju współpracy
- Opracowanie
-
|
|
700 -Hasło dodatkowe - nazwa osobowa [1, ]
|
-
- a
- Nazwa osobowa (NP)
- Cybulska-Bohuszewicz, Ewa
-
- d
- Daty biograficzne (NP)
- (1981- ).
-
- e
- Określenie rodzaju współpracy
- Opracowanie
-
|
|
700 -Hasło dodatkowe - nazwa osobowa [1, ]
|
-
- a
- Nazwa osobowa (NP)
- Birczyńska-Duska, Joanna.
-
- e
- Określenie rodzaju współpracy
- Opracowanie
-
|
|
700 -Hasło dodatkowe - nazwa osobowa [1, ]
|
-
- a
- Nazwa osobowa (NP)
- Frodyma, Mariusz.
-
- e
- Określenie rodzaju współpracy
- Opracowanie
-
|
|
700 -Hasło dodatkowe - nazwa osobowa [1,2]
|
-
- a
- Nazwa osobowa (NP)
- Kochanowski, Jan
-
- d
- Daty biograficzne (NP)
- (1530-1584).
-
- t
- Tytuł ujednolicony/tytuł (NP)
- Zuzanna
-
- l
- Język tekstu (NP)
- (pol.)
-
|
|
700 -Hasło dodatkowe - nazwa osobowa [1,2]
|
-
- a
- Nazwa osobowa (NP)
- Kochanowski, Jan
-
- d
- Daty biograficzne (NP)
- (1530-1584).
-
- t
- Tytuł ujednolicony/tytuł (NP)
- Szachy
-
- l
- Język tekstu (NP)
- (pol.)
-
|
|
700 -Hasło dodatkowe - nazwa osobowa [1,2]
|
-
- a
- Nazwa osobowa (NP)
- Kochanowski, Jan
-
- d
- Daty biograficzne (NP)
- (1530-1584).
-
- t
- Tytuł ujednolicony/tytuł (NP)
- Muza
-
- l
- Język tekstu (NP)
- (pol.)
-
|
|
700 -Hasło dodatkowe - nazwa osobowa [1,2]
|
-
- a
- Nazwa osobowa (NP)
- Kochanowski, Jan
-
- d
- Daty biograficzne (NP)
- (1530-1584).
-
- t
- Tytuł ujednolicony/tytuł (NP)
- Monomachia Parysowa z Menelausem
-
- l
- Język tekstu (NP)
- (pol.)
-
|
|
700 -Hasło dodatkowe - nazwa osobowa [1,2]
|
-
- a
- Nazwa osobowa (NP)
- Kochanowski, Jan
-
- d
- Daty biograficzne (NP)
- (1530-1584).
-
- t
- Tytuł ujednolicony/tytuł (NP)
- Epithalamium
-
- l
- Język tekstu (NP)
- (pol.)
-
|
|
700 -Hasło dodatkowe - nazwa osobowa [1,2]
|
-
- a
- Nazwa osobowa (NP)
- Kochanowski, Jan
-
- d
- Daty biograficzne (NP)
- (1530-1584).
-
- t
- Tytuł ujednolicony/tytuł (NP)
- Broda
-
- l
- Język tekstu (NP)
- (pol.)
-
|
|
700 -Hasło dodatkowe - nazwa osobowa [1,2]
|
-
- a
- Nazwa osobowa (NP)
- Kochanowski, Jan
-
- d
- Daty biograficzne (NP)
- (1530-1584).
-
- t
- Tytuł ujednolicony/tytuł (NP)
- Marszałek
-
- l
- Język tekstu (NP)
- (pol.)
-
|
|
700 -Hasło dodatkowe - nazwa osobowa [1,2]
|
-
- a
- Nazwa osobowa (NP)
- Kochanowski, Jan
-
- d
- Daty biograficzne (NP)
- (1530-1584).
-
- t
- Tytuł ujednolicony/tytuł (NP)
- Dziewosłąb
-
- l
- Język tekstu (NP)
- (pol.)
-
|
|
710 -Hasło dodatkowe - nazwa ciała zbiorowego [2, ]
|
-
- a
- Nazwa ciała zbiorowego lub nazwa geograficzna jako pierwszy element (NP)
- Polska Akademia Nauk.
-
- b
- Nazwa jednostki podrzędnej (P)
- Instytut Badań Literackich.
-
- b
- Nazwa jednostki podrzędnej (P)
- Wydawnictwo.
-
- e
- Rodzaj współpracy
- Wydawca
-
-
|